| 000 | 00672nam a2200241Ia 4500 | ||
|---|---|---|---|
| 003 | OSt | ||
| 005 | 20251208153527.0 | ||
| 008 | 230222s9999||||xx |||||||||||||| ||und|| | ||
| 020 | _a0 07 291924 8 | ||
| 040 | _cChuka University Library | ||
| 050 |
_aSBL QR 41.2 _bM5 2004 |
||
| 100 |
_aEugene W. Nester _94548 |
||
| 245 | 0 | _a Microbiology:a human perspective/ | |
| 250 | _a4th ed. | ||
| 260 |
_aBoston _bMcGrawhill _c2004 |
||
| 300 | _avarious pagings | ||
| 700 |
_aAnderson,Denise G _911528 |
||
| 700 |
_aRobberts C Evans _911529 |
||
| 700 |
_aPearsall,Nancy N _911522 |
||
| 700 |
_aNester,Martha T _911523 |
||
| 700 |
_aHurley,David _911530 |
||
| 942 |
_cBK _02 _2lcc |
||
| 999 |
_c11635 _d11635 |
||